TEXT BOOK OF QUALITATIVE CHEMICAL ANALYSIS (Record no. 8768)

MARC details
000 -LEADER
fixed length control field 00323nam a22001457a 4500
003 - CONTROL NUMBER IDENTIFIER
control field SGT
082 ## - DEWEY DECIMAL CLASSIFICATION NUMBER
Classification number 615.19
Item number Q14M
100 ## - MAIN ENTRY--PERSONAL NAME
Personal name MENDHAM,J
245 ## - TITLE STATEMENT
Title TEXT BOOK OF QUALITATIVE CHEMICAL ANALYSIS
250 ## - EDITION STATEMENT
Edition statement 6TH
260 ## - PUBLICATION, DISTRIBUTION, ETC. (IMPRINT)
Place of publication, distribution, etc DELHI
Name of publisher, distributor, etc PEARSON
Year of Publication 2014
300 ## - PAGE DESCRIPTION
No. of Pages 790
650 ## - SUBJECT ADDED ENTRY--TOPICAL TERM
Topical term or geographic name as entry element CHEMICAL ANALYSIS
942 ## - ADDED ENTRY ELEMENTS (KOHA)
Source of classification or shelving scheme Dewey Decimal Classification
Koha item type Books
942 ## - ADDED ENTRY ELEMENTS (KOHA)
-- 13
Holdings
Withdrawn status Lost status Source of classification or shelving scheme Damaged status Not for loan Collection code Home library Current library Shelving location Date acquired Vendor Name Cost, normal purchase price SGTU Bill Number Total Checkouts Full call number Accession No. (Barcode) Date last seen Date last borrowed Bill Date Koha item type
    Dewey Decimal Classification     PHARMACY SGT FA-FP Library SGT FA-FP Library Reference Book 07/04/2016 AHUJA 865.00 SGTU 6742 6 615.19 Q14M FP1746 05/12/2016 26/11/2016 16/03/2016 Books
    Dewey Decimal Classification     PHARMACY SGT FA-FP Library SGT FA-FP Library Text Book 07/04/2016 AHUJA 865.00 SGTU 6742 17 615.19 Q14M FP1747 13/01/2024 07/09/2023 16/03/2016 Books
    Dewey Decimal Classification     PHARMACY SGT FA-FP Library SGT FA-FP Library Reference Book 07/04/2016 AHUJA 865.00 SGTU 6742   615.19 Q14M FP1748 07/04/2016   16/03/2016 Books
    Dewey Decimal Classification     PHARMACY SGT FA-FP Library SGT FA-FP Library Text Book 07/04/2016 AHUJA 865.00 SGTU 6742 24 615.19 Q14M FP1749 20/08/2024 20/08/2024 16/03/2016 Books
    Dewey Decimal Classification     PHARMACY SGT FA-FP Library SGT FA-FP Library Text Book 07/04/2016 AHUJA 865.00 SGTU 6742 8 615.19 Q14M FP1750 10/02/2023 31/01/2023 16/03/2016 Books